000 00300nam a2200121Ia 4500
008 240731s9999 xx 000 0 und d
022 _a2375-494X
245 0 _aPapers in Applied Geography
260 _bRoutledge
856 _uhttps://www.tandfonline.com/loi/rpag20
942 _2ddc
942 _cTFEJ
999 _c78859
_d78859
945 _a1
_bMadushi Gamage
_c1
_dMadushi Gamage